000 00439nam a2200169Ia 4500
008 230711s9999||||xx |||||||||||||| ||und||
020 _a978-0-07-058353-5
041 _aENG
082 _a4.65
_bKA-A
100 _aKasera,Sumit
245 0 _aATM networks: concepts and protocols
250 _a2nd . Ed.
260 _c2006
_aNew Delhi
_bTata McGraw Hill Education Limited
300 _a465
650 _aComputer Engineering
942 _cBK
999 _c5145
_d5145